| Tag |
First Indicator |
Second Indicator |
Subfields |
| LEADER |
00000cam a2200000 4500 |
| 001 |
in00000026319 |
| 005 |
20151007061232.0 |
| 008 |
761112s1901 enkc 00010 engs |
| 010 |
|
|
|a 02008684
|
| 035 |
|
|
|a (OCoLC)02556451
|
| 035 |
|
|
|9 AAD1513AM
|
| 040 |
|
|
|a DLC
|c OHI
|d TXA
|d UtOrBLW
|
| 049 |
|
|
|a TXAM
|c [330771]
|
| 050 |
|
0 |
|a PR8547
|b .G7
|
| 092 |
|
|
|a 820.9
|b G739s
|
| 100 |
1 |
|
|a Graham, Henry Grey,
|d 1843-1906.
|
| 245 |
1 |
0 |
|a Scottish men of letters in the eighteenth century /
|c by Henry Grey Graham ...
|
| 264 |
|
1 |
|a London :
|b A. and C. Black,
|c 1901.
|
| 300 |
|
|
|a xii, 441 pages :
|b frontispiece, portrait ;
|c 24 cm.
|
| 336 |
|
|
|a text
|b txt
|2 rdacontent
|
| 337 |
|
|
|a unmediated
|b n
|2 rdamedia
|
| 338 |
|
|
|a volume
|b nc
|2 rdacarrier
|
| 650 |
|
0 |
|a English literature
|x Scottish authors
|x History and criticism.
|
| 650 |
|
0 |
|a English literature
|x History and criticism.
|
| 650 |
|
0 |
|a Authors, Scottish.
|
| 650 |
|
0 |
|a Scottish literature
|x History and criticism.
|
| 999 |
|
|
|a MARS
|
| 999 |
f |
f |
|s cf7abebf-d0df-3f97-bf3f-53fe509bea2d
|i 0f828376-2378-3cb8-acd8-e38ae4fd7129
|t 0
|
| 952 |
f |
f |
|p normal
|a Texas A&M University
|b College Station
|c Sterling C. Evans Library
|d Evans: Library Stacks
|t 0
|e PR8547 .G7
|h Library of Congress classification
|i unmediated -- volume
|m A14801271685
|
| 998 |
f |
f |
|a PR8547 .G7
|t 0
|l Evans: Library Stacks
|